=LDR 00000nam 2200000 4500 =001 INLIS000000000050703 =005 20170515012946 =035 ##$$a 0010-0517000356 =007 ta =008 170515###########################0###### =020 ##$$a 978-602-391-118-9 =082 ##$$a 813 =084 ##$$a 813 DAN a =100 #$$a Danarto =245 1#$$a Asmaraloka /$c Danarto =250 ##$$a Cet.1 =260 ##$$a Yogyakarta :$b Diva Press,$c 2016 =300 ##$$a 360 hlm. ; $c 20 cm =650 ##$$a Novel =990 ##$$a 84348434 =990 ##$$a 84348434 =990 ##$$a 31701227 =990 ##$$a 02201708434 =990 ##$$a 31701228 =990 ##$$a 31701227